000 02574nam a2200313Ia 4500
003 OSt
005 20210909170006.0
008 210310s1989 ck ad fr 000 0dspa d
020 _a9586012271
040 _aCO-JMCR
_cCO-JMCR
041 0 _aspa
082 0 4 _a339.32 /
_bZ583e
_223
100 1 _aZerda Sarmiento, Álvaro,
_917706
_eautor
245 1 0 _aEconomía política de las cuentas nacionales :
_belementos para una macroeconomía alternativa /
_cpor Alvaro Zerda Sarmiento, Libardo Sarmiento Anzola
250 _aPrimera edición
260 _aBogotá :
_bTercer Mundo : Universidad Nacional,
_c1989
300 _a256 páginas :
_bilustraciones y gráficas a blanco y negro ;
_c21 cm.
490 0 _aEconomía
500 _aIncluye notas a pie de página y datos biográficos del autor.
504 _aBibliografía: páginas 253-256
505 0 _aFundamentos teóricos -- Implicaciones de la distinción entre trabajo productivo y trabajo improductivo -- Aproximación empírica a un análisis de cuentas nacionales marxistas en países de capitalismo tardío. El caso de Colombia -- El concepto de trabajo productivo como alternativa a las interpretaciones de la crisis industrial en Colombia -- Conclusiones: hacia una macroeconomía marxista
520 3 _aDel medio académico colombiano han ido surgiendo en los últimos años una serie de trabajos cada vez más complejos que intentan explicar creativamente la realidad nacional con herramientas universales de teoría. La obra de Libardo Sarmiento y Álvaro Zerda se inscribe dentro de esta tendencia en dos grandes frentes: por un lado, los autores precisan un concepto fundamental en la teoría económica clásica, cual es el de trabajo productivo, dentro de un proceso de discusión del marxismo que se lleva a cabo en el mundo académico anglosajón y que recurre a rigurosos análisis empíricos, en franco diálogo con corrientes ricardianas y poskeynesianas; por otro lado, ambos se preocupan por comprobar con un manejo esta dístico riguroso los postulados teóricoa previamente des pejados. Los estudiosos de la teoría económica, de la problemática industrial, de las crisis, de las cuentas nacionales, así como las facultades de ciencias económicas, tendrán en este libro una fuente de obligada consulta.
650 1 4 _aCuentas nacionales
_917708
_zColombia
650 2 4 _aRentas nacionales
_zColombia
_940222
650 2 4 _aEconomía política
_zColombia
_937989
650 2 4 _aMacroeconomía
_zColombia
_940154
700 1 _aSarmiento Anzola, Libardo,
_eautor
_93163
942 _2ddc
_cBK
999 _c8587
_d8587